Nền giáo dục sai lầm : Một đỉnh cao trong nền tiểu thuyết In-Đô-Nê-Xia /

Đã lưu trong:
Sonraí Bibleagrafaíochta
Príomhúdar: Đức Ninh.
Formáid: Bài viết
Teanga:Vietnamese
Ábhair:
Clibeanna: Cuir Clib Leis
Gan Chlibeanna, Bí ar an gcéad duine leis an taifead seo a chlibeáil!
Thư viện lưu trữ: Thư viện Trường Đại học Đà Lạt
LEADER 00778nam a2200265 4500
001 DLU090074527
005 ##20090512
040 # # |a DLU  |b vie 
041 # # |a vie 
044 # # |a vn 
100 # # |a Đức Ninh. 
245 # # |a Nền giáo dục sai lầm :  |b Một đỉnh cao trong nền tiểu thuyết In-Đô-Nê-Xia /  |c Đức Ninh. 
653 # # |a Inđônêxia  
653 # # |a Lí luận phê bình 
653 # # |a Tiểu thuyết  
773 # # |t Tạp chí văn học  |g Số 4, 1984, tr.27-34 
920 # # |a Phòng Tạp chí -- Trung tâm Thông tin - Thư viện Trường Đại học Đà Lạt 
994 # # |a DLU 
900 # # |a True 
911 # # |a Nguyễn Thị Linh Chi 
925 # # |a G 
926 # # |a A 
927 # # |a BB 
980 # # |a Thư viện Trường Đại học Đà Lạt